000 00479 a2200169 4500
020 _a 8126500530
082 _a 005.72
090 _c2501
_d2501
100 _aEddy, Sandra E.
245 _aTeach yourself XML
_cSandra E.Eddy
260 _aIndianapolis :
_bIDG Books,
_cc1999.
300 _axxii, 522 p. . ;
_b: ill
_c23 cm
500 _aIncludes bibliographical references and index
650 _a1.XML (Document markup language)
700 _a John E.Schnyder
942 _cBK
999 _c483249
_d483249